000 00824nam a2200253 a 4500
001 1581773
005 20180127053124.0
008 931206s1994 nyu b 001 0 eng d
010 _a 93072364
020 _a0963645161 (pbk.) :
_c$12.95
035 _a(OCoLC)29527279
040 _aOC
_cOC
_dNjSoVA
_dNBuBE
_dDLC
041 _aeng
042 _alccopycat
080 _a617.96
082 0 0 _a617.96 WIN
_220
100 1 _a5
101 _aSHK
245 1 0 _aGoing under :
_cMonica Winefryde Furlong, Elliot T. Essman.
504 _aIncludes bibliographical references (p. [175]-180) and index.
906 _a7
_bcbc
_ccopycat
_d3
_eopcn
_f19
_gy-gencatlg
942 _2ddc
_cBK
999 _c41089
_d41089